[Event "Arber op Seniors 2nd"]
[Site "Bayerisch Eisenstein"]
[Date "2014.08.24"]
[Round "9"]
[White "Ketzscher, Roland"]
[Black "Gerl, Hans Peter"]
[Result "1-0"]
[WhiteElo "2028"]
[BlackElo "2046"]
[PlyCount "71"]
[EventDate "2014.08.16"]
[EventType "swiss"]
[EventRounds "9"]
[EventCountry "GER"]
[SourceTitle "EXT 2016"]
[Source "ChessBase"]
[SourceDate "2015.10.08"]
[SourceVersion "1"]
[SourceVersionDate "2015.10.08"]
[SourceQuality "1"]

1. d4 Nf6 2. c4 e6 3. Nc3 Bb4 4. e3 0-0 5. Bd3 b6 6. Nge2 Bb7 7. 0-0 c5 8. a3 cxd4 9. exd4 Be7 10. Bg5 d6 11. b4 Nbd7 12. Qb3 h6 13. Bh4 e5 14. Rad1 Rc8 15. Bf5 exd4 16. Nxd4 Nh5 17. Bxe7 Qxe7 18. Nd5 Bxd5 19. cxd5 g6 20. Nc6 Rxc6 21. dxc6 Ne5 22. f4 Nxc6 23. Bxg6 Nf6 24. Bb1 Ng4 25. Rde1 Qf6 26. Qg3 Qd4+ 27. Kh1 Qg7 28. h3 Nf6 29. Qxg7+ Kxg7 30. g4 Rd8 31. g5 hxg5 32. fxg5 Nh5 33. Kg2 Ne5 34. Re4 Kg8 35. Rd1 Ng7 36. Rxe5 1-0

[Event "Arber op Seniors 2nd"]
[Site "Bayerisch Eisenstein"]
[Date "2014.08.21"]
[Round "6"]
[White "Ketzscher, Roland"]
[Black "Gervinskas, Vidmant"]
[Result "1/2-1/2"]
[WhiteElo "2028"]
[BlackElo "1896"]
[PlyCount "37"]
[EventDate "2014.08.16"]
[EventType "swiss"]
[EventRounds "9"]
[EventCountry "GER"]
[SourceTitle "EXT 2016"]
[Source "ChessBase"]
[SourceDate "2015.10.08"]
[SourceVersion "1"]
[SourceVersionDate "2015.10.08"]
[SourceQuality "1"]

1. d4 d5 2. c4 e6 3. Nc3 Nf6 4. Bg5 Be7 5. Nf3 0-0 6. e3 Nbd7 7. Rc1 c6 8. Bd3 dxc4 9. Bxc4 Nd5 10. Bxe7 Qxe7 11. 0-0 Nxc3 12. Rxc3 e5 13. Qc2 e4 14. Nd2 Nf6 15. Bb3 Bd7 16. Rc5 Rae8 17. Re5 Qb4 18. a3 Qb6 19. Rxe8 1/2-1/2

[Event "Arber op Seniors 2nd"]
[Site "Bayerisch Eisenstein"]
[Date "2014.08.19"]
[Round "4"]
[White "Ketzscher, Roland"]
[Black "Selig, Rainer"]
[Result "1/2-1/2"]
[WhiteElo "2028"]
[BlackElo "2070"]
[PlyCount "45"]
[EventDate "2014.08.16"]
[EventType "swiss"]
[EventRounds "9"]
[EventCountry "GER"]
[SourceTitle "EXT 2016"]
[Source "ChessBase"]
[SourceDate "2015.10.08"]
[SourceVersion "1"]
[SourceVersionDate "2015.10.08"]
[SourceQuality "1"]

1. d4 d5 2. c4 dxc4 3. e4 e5 4. Nf3 exd4 5. Qxd4 Qxd4 6. Nxd4 Nf6 7. f3 Bc5 8. Nb5 Bb6 9. Bxc4 a6 10. N5c3 Nc6 11. Bg5 Be6 12. Bxe6 fxe6 13. Nd2 Nb4 14. Kd1 h6 15. Bxf6 gxf6 16. a3 Nd3 17. Kc2 0-0-0 18. Nc4 Ba7 19. Rhd1 Nf2 20. Rxd8+ Rxd8 21. Nd1 Nd3 22. Nc3 Nf2 23. Nd1 1/2-1/2

[Event "Niedersachsen-ch Seniors op 14th"]
[Site "Bad Bevensen"]
[Date "2011.07.10"]
[Round "6"]
[White "Ketzscher, Roland"]
[Black "Mertens, Gottfried"]
[Result "1/2-1/2"]
[WhiteElo "1880"]
[BlackElo "1775"]
[PlyCount "84"]
[EventDate "2011.07.05"]
[EventType "swiss"]
[EventRounds "9"]
[EventCountry "GER"]
[SourceTitle "EXT 2012"]
[Source "ChessBase"]
[SourceDate "2011.11.24"]
[SourceVersion "1"]
[SourceVersionDate "2011.11.24"]
[SourceQuality "1"]

1. Nf3 e6 2. g3 f5 3. d4 Nf6 4. Bg2 Be7 5. 0-0 d6 6. c4 0-0 7. Nc3 a5 8. Re1 Qe8 9. e4 fxe4 10. Nxe4 Nxe4 11. Rxe4 Qg6 12. Nh4 Qe8 13. Bh3 Bf6 14. Qe2 Nc6 15. Nf3 e5 16. Bxc8 Qxc8 17. d5 Ne7 18. Kg2 Qf5 19. g4 Qg6 20. g5 Nf5 21. Nh4 Nxh4+ 22. Rxh4 Rae8 23. Rg4 Bd8 24. Qe4 Rf5 25. h4 Ref8 26. Be3 Qf7 27. Rf1 Qh5 28. Rg3 Rf4 29. Bxf4 Rxf4 30. Qd3 e4 31. Qe3 Rxh4 32. Rh3 Qg4+ 33. Qg3 Qxh3+ 34. Qxh3 Rxh3 35. Kxh3 Bxg5 36. Re1 e3 37. fxe3 Bf6 38. c5 dxc5 39. e4 Be5 40. Rf1 g6 41. Rf3 b6 42. b3 Kg7 1/2-1/2

[Event "Niedersachsen-ch Seniors op 14th"]
[Site "Bad Bevensen"]
[Date "2011.07.08"]
[Round "4"]
[White "Ungar, Benedict"]
[Black "Ketzscher, Roland"]
[Result "0-1"]
[WhiteElo "1679"]
[BlackElo "1880"]
[PlyCount "76"]
[EventDate "2011.07.05"]
[EventType "swiss"]
[EventRounds "9"]
[EventCountry "GER"]
[SourceTitle "EXT 2012"]
[Source "ChessBase"]
[SourceDate "2011.11.24"]
[SourceVersion "1"]
[SourceVersionDate "2011.11.24"]
[SourceQuality "1"]

1. Nf3 Nf6 2. g3 g6 3. c4 Bg7 4. Nc3 0-0 5. Bg2 d6 6. 0-0 e5 7. d3 Nc6 8. a3 Bg4 9. h3 Bf5 10. Nh4 Bd7 11. Nf3 Qe7 12. e3 Rae8 13. Qc2 Qd8 14. Nd2 Qc8 15. Kh2 Nh5 16. g4 Nf6 17. Nde4 Nxe4 18. dxe4 f5 19. f3 fxg4 20. fxg4 Rxf1 21. Bxf1 Rf8 22. Qg2 Rf7 23. Bd2 Qf8 24. Kg1 Bf6 25. c5 Be6 26. cxd6 cxd6 27. Nd5 Bh4 28. Be1 Bg5 29. Bc4 Kg7 30. Bf2 Bd8 31. Rf1 Bg5 32. Kh1 Na5 33. Bd3 Nb3 34. Bg1 Nc5 35. Rxf7+ Qxf7 36. Qc2 Qf3+ 37. Kh2 Bh4 38. Nf4 Bg3# 0-1

[Event "Niedersachsen-ch Seniors op 13th"]
[Site "Bad Bevensen"]
[Date "2010.07.12"]
[Round "7"]
[White "Ketzscher, Roland"]
[Black "Duemmke, Juergen"]
[Result "1/2-1/2"]
[WhiteElo "1910"]
[BlackElo "1953"]
[PlyCount "25"]
[EventDate "2010.07.06"]
[EventType "swiss"]
[EventRounds "9"]
[EventCountry "GER"]
[SourceTitle "EXT 2012"]
[Source "ChessBase"]
[SourceDate "2011.11.24"]
[SourceVersion "1"]
[SourceVersionDate "2011.11.24"]
[SourceQuality "1"]

1. d4 Nf6 2. c4 g6 3. Nc3 d5 4. Nf3 Bg7 5. Qb3 dxc4 6. Qxc4 0-0 7. e4 a6 8. e5 Nfd7 9. e6 fxe6 10. Qxe6+ Kh8 11. Qb3 e5 12. dxe5 Nc6 13. Be3 1/2-1/2

[Event "GER Seniors Derby 08th"]
[Site "Wesel Undeloh"]
[Date "2009.04.19"]
[Round "7.4"]
[White "Ketzscher, Roland"]
[Black "Schumacher, Gottfried"]
[Result "1/2-1/2"]
[WhiteElo "1922"]
[BlackElo "2132"]
[PlyCount "41"]
[EventDate "2009.04.16"]
[EventType "swiss"]
[EventRounds "7"]
[EventCountry "GER"]
[SourceTitle "EXT 2022"]
[Source "ChessBase"]
[SourceDate "2021.10.06"]
[SourceVersion "1"]
[SourceVersionDate "2021.10.06"]
[SourceQuality "1"]

1. d4 e6 2. c4 Nf6 3. Nc3 d5 4. Bg5 c6 5. Nf3 Nbd7 6. e3 Qa5 7. cxd5 Nxd5 8. Qd2 Bb4 9. Rc1 N7f6 10. Bd3 b6 11. 0-0 Ba6 12. Bxa6 Qxa6 13. Nxd5 Nxd5 14. Qc2 Rc8 15. e4 Ne7 16. a3 Bd6 17. e5 Bb8 18. Bxe7 Kxe7 19. Qe4 Qb5 20. Qh4+ Ke8 21. Qg5 1/2-1/2

[Event "GER Seniors Derby 08th"]
[Site "Wesel Undeloh"]
[Date "2009.04.17"]
[Round "3.1"]
[White "Ketzscher, Roland"]
[Black "Freise, Helmut"]
[Result "1/2-1/2"]
[WhiteElo "1922"]
[BlackElo "2178"]
[PlyCount "125"]
[EventDate "2009.04.16"]
[EventType "swiss"]
[EventRounds "7"]
[EventCountry "GER"]
[SourceTitle "EXT 2022"]
[Source "ChessBase"]
[SourceDate "2021.10.06"]
[SourceVersion "1"]
[SourceVersionDate "2021.10.06"]
[SourceQuality "1"]

1. d4 Nf6 2. c4 e6 3. Nf3 Bb4+ 4. Bd2 Qe7 5. g3 Nc6 6. Bg2 0-0 7. 0-0 Bxd2 8. Qxd2 d6 9. Nc3 Bd7 10. e3 Rab8 11. Qc2 Rfc8 12. a3 a5 13. Rab1 g6 14. b4 axb4 15. axb4 e5 16. Rb2 exd4 17. exd4 Bg4 18. Re1 Qd7 19. b5 Na5 20. Nd2 Re8 21. Nce4 Nxe4 22. Nxe4 Qe6 23. Rc1 f5 24. Nc3 Qf6 25. h3 Bh5 26. Nd5 Qxd4 27. Qc3 Qxc3 28. Rxc3 Re1+ 29. Kh2 Re2 30. Rxe2 Bxe2 31. Nxc7 Kg7 32. Bd5 b6 33. Ne6+ Kf6 34. Nd4 Re8 35. Kg2 Bxc4 36. Bxc4 Re4 37. Ba2 Rxd4 38. Rc7 Rd2 39. Rf7+ Ke5 40. Re7+ Kd4 41. Bg8 Nc4 42. Bxh7 Ne5 43. Re6 Kd5 44. Rf6 Nd3 45. Bxg6 Rxf2+ 46. Kg1 Ke5 47. Rf8 Rf3 48. Kh2 f4 49. g4 Re3 50. Rb8 f3 51. Bxd3 Rxd3 52. Kg3 f2+ 53. Kxf2 Rxh3 54. Rxb6 Rb3 55. Rb8 d5 56. b6 Kd6 57. g5 Rb2+ 58. Kf3 Rb1 59. g6 Rg1 60. Rg8 Kc6 61. g7 Kb7 62. Ke3 Rg4 63. Kf3 1/2-1/2

[Event "Oberliga Ost-A 0405"]
[Site "Germany"]
[Date "2004.11.28"]
[Round "4.7"]
[White "Ketzscher, Roland"]
[Black "Kuna, Ralf Michael"]
[Result "0-1"]
[WhiteElo "2170"]
[BlackElo "2159"]
[PlyCount "110"]
[EventDate "2004.10.10"]
[EventType "team-tourn"]
[EventRounds "11"]
[EventCountry "GER"]
[SourceTitle "EXT 2006"]
[Source "ChessBase"]
[SourceDate "2005.11.24"]
[SourceVersion "1"]
[SourceVersionDate "2005.11.24"]
[SourceQuality "1"]
[WhiteTeam "Chemnitz II"]
[BlackTeam "Magdeburg Rochade"]
[WhiteTeamCountry "GER"]
[BlackTeamCountry "GER"]

1. d4 Nf6 2. c4 e6 3. Nc3 Bb4 4. e3 c5 5. Bd3 Nc6 6. Nf3 Bxc3+ 7. bxc3 d6 8. 0-0 e5 9. d5 Ne7 10. e4 Ng6 11. h3 Nh5 12. Bc2 Nhf4 13. Ba4+ Kf8 14. Kh2 h5 15. Ng1 h4 16. Ne2 Qg5 17. Nxf4 exf4 18. Qf3 Qe5 19. Bd2 Rh5 20. Rab1 Ke7 21. Rb2 Kd8 22. Rfb1 Kc7 23. Be8 Qxe8 24. Qxh5 b6 25. Re1 Qe5 26. Qxe5 Nxe5 27. Bc1 g5 28. Rc2 f6 29. f3 Bd7 30. a3 Ba4 31. Rd2 Nxc4 32. Rf2 Kb7 33. Kg1 Ka6 34. Rfe2 Kb5 35. Rf2 Bb3 36. Bb2 Ba4 37. Rb1 Rf8 38. Re2 Ka5 39. Bc1 Ka6 40. Ra2 Rf7 41. Kf2 Bb5 42. Bd2 Ne5 43. Kg1 Bd3 44. Rd1 Be2 45. Rc1 Bc4 46. Rac2 f5 47. exf5 Rxf5 48. Be1 Nd3 49. Ra1 Rxd5 50. Re2 Ne5 51. Re4 Bd3 52. Ra4+ Kb7 53. Rd1 Bc4 54. Rxd5 Bxd5 55. c4 Bc6 0-1

[Event "Liberec op"]
[Site "Liberec"]
[Date "2003.10.28"]
[Round "4.6"]
[White "Blahacek, Evzen"]
[Black "Ketzscher, Roland"]
[Result "1-0"]
[WhiteElo "2133"]
[BlackElo "2210"]
[PlyCount "80"]
[EventDate "2003.10.28"]
[EventType "swiss"]
[EventRounds "9"]
[EventCountry "CZE"]
[SourceTitle "EXT 2004"]
[Source "ChessBase"]
[SourceDate "2003.11.25"]
[SourceVersion "1"]
[SourceVersionDate "2003.11.25"]
[SourceQuality "1"]

1. c4 Nf6 2. Nc3 e6 3. Nf3 c5 4. d4 d5 5. cxd5 exd5 6. Bg5 Be7 7. e3 Nc6 8. Be2 0-0 9. 0-0 Be6 10. dxc5 Bxc5 11. Rc1 Be7 12. Nb5 Ne4 13. Bxe7 Qxe7 14. Nbd4 Nxd4 15. Qxd4 Rfc8 16. Bd3 Nc5 17. Bb1 b6 18. b4 Nd7 19. Bd3 Nf6 20. Ba6 Rc7 21. Rxc7 Qxc7 22. Qb2 Qd8 23. Rc1 Bc8 24. Bd3 Bb7 25. Nd4 a6 26. Nf5 Rc8 27. h3 Rxc1+ 28. Qxc1 g6 29. Nd4 Qd6 30. a3 Nd7 31. f4 a5 32. Qc3 Qe7 33. Nc2 axb4 34. axb4 Nb8 35. Qd4 Qd8 36. e4 Nc6 37. Qxd5 Qe7 38. Qc4 Qh4 39. e5 Qg3 40. Bf1 Qh4 1-0

[Event "Liberec op"]
[Site "Liberec"]
[Date "2003.10.26"]
[Round "2.9"]
[White "Peniska, Pavel"]
[Black "Ketzscher, Roland"]
[Result "1/2-1/2"]
[WhiteElo "2018"]
[BlackElo "2210"]
[PlyCount "44"]
[EventDate "2003.10.28"]
[EventType "swiss"]
[EventRounds "9"]
[EventCountry "CZE"]
[SourceTitle "EXT 2004"]
[Source "ChessBase"]
[SourceDate "2003.11.25"]
[SourceVersion "1"]
[SourceVersionDate "2003.11.25"]
[SourceQuality "1"]

1. e4 e6 2. d4 d5 3. Nd2 Nf6 4. e5 Nfd7 5. c3 c5 6. f4 Nc6 7. Ndf3 f6 8. Bd3 Be7 9. Ne2 0-0 10. 0-0 Qb6 11. Kh1 f5 12. h3 cxd4 13. cxd4 Nb4 14. Bb1 Qd8 15. g4 g6 16. gxf5 gxf5 17. Rg1+ Kh8 18. Ng5 Nb6 19. Ng3 Qe8 20. b3 Bd7 21. a3 Nc6 22. Ra2 Rc8 1/2-1/2

[Event "Arco op 24th"]
[Site "Arco"]
[Date "2002.10.21"]
[Round "4"]
[White "Ketzscher, Roland"]
[Black "Ricci, Alfredo"]
[Result "1-0"]
[WhiteElo "2197"]
[BlackElo "2048"]
[PlyCount "59"]
[EventDate "2002.10.18"]
[EventType "swiss"]
[EventRounds "9"]
[EventCountry "ITA"]
[SourceTitle "EXT 2004"]
[Source "ChessBase"]
[SourceDate "2003.11.25"]
[SourceVersion "1"]
[SourceVersionDate "2003.11.25"]
[SourceQuality "1"]

1. d4 Nf6 2. c4 g6 3. Nc3 d5 4. Nf3 c6 5. e3 Bg7 6. Be2 0-0 7. 0-0 Nbd7 8. Qb3 Nb6 9. cxd5 cxd5 10. Ne5 Be6 11. a4 Rb8 12. a5 Nbd7 13. Nd3 Ne4 14. Nxd5 b6 15. N3f4 bxa5 16. Qa3 Bxd5 17. Nxd5 Ndc5 18. Bc4 e6 19. Nc3 Rb4 20. Ba2 Qh4 21. dxc5 Be5 22. f4 Bc7 23. Nxe4 Rxe4 24. Bb1 Rb4 25. Bd2 Rbb8 26. Bxa5 Bxa5 27. Qxa5 Rxb2 28. Be4 f5 29. Bf3 g5 30. Qc3 1-0

[Event "Oberjoch op"]
[Site "Oberjoch"]
[Date "2002.??.??"]
[Round "8"]
[White "Ketzscher, Roland"]
[Black "Gerhardt, Peter Michael"]
[Result "1-0"]
[WhiteElo "2197"]
[BlackElo "2122"]
[PlyCount "63"]
[EventDate "2002.??.??"]
[EventType "swiss"]
[EventRounds "9"]
[EventCountry "GER"]
[SourceTitle "EXT 2004"]
[Source "ChessBase"]
[SourceDate "2003.11.25"]
[SourceVersion "1"]
[SourceVersionDate "2003.11.25"]
[SourceQuality "1"]

1. d4 Nf6 2. c4 e6 3. Nf3 d5 4. Nc3 c6 5. Bg5 Nbd7 6. e3 Qa5 7. cxd5 Nxd5 8. Qd2 Bb4 9. Rc1 N7f6 10. Bd3 h6 11. Bh4 0-0 12. 0-0 Nxc3 13. bxc3 Ba3 14. Rb1 Be7 15. e4 Qd8 16. Rfe1 b5 17. c4 a6 18. e5 Ne8 19. Bxe7 Qxe7 20. Qe2 g6 21. Nd2 c5 22. Qe3 bxc4 23. Nxc4 cxd4 24. Qxh6 f5 25. Nb6 Rb8 26. Nd5 exd5 27. Rxb8 Qc7 28. Qxg6+ Ng7 29. Rb3 Qa5 30. Reb1 Qd2 31. Bf1 f4 32. Rb7 1-0

[Event "Oberjoch op"]
[Site "Oberjoch"]
[Date "2002.??.??"]
[Round "4"]
[White "Ketzscher, Roland"]
[Black "Trumpf, Walter"]
[Result "1/2-1/2"]
[WhiteElo "2197"]
[BlackElo "2105"]
[PlyCount "84"]
[EventDate "2002.??.??"]
[EventType "swiss"]
[EventRounds "9"]
[EventCountry "GER"]
[SourceTitle "EXT 2004"]
[Source "ChessBase"]
[SourceDate "2003.11.25"]
[SourceVersion "1"]
[SourceVersionDate "2003.11.25"]
[SourceQuality "1"]

1. d4 Nf6 2. c4 g6 3. Nc3 d5 4. Nf3 Bg7 5. Qb3 dxc4 6. Qxc4 0-0 7. e4 b6 8. e5 Ba6 9. exf6 Bxc4 10. fxg7 Kxg7 11. Bxc4 c6 12. a4 Nd7 13. 0-0 Nf6 14. Bf4 Nh5 15. Be5+ Kg8 16. Rfd1 Qd7 17. Rac1 Rad8 18. d5 Qg4 19. Rd4 Qc8 20. dxc6 Rxd4 21. Nxd4 Rd8 22. c7 Rd7 23. Bb5 Rxc7 24. Bxc7 Qxc7 25. Nc6 e6 26. Ne2 Kg7 27. h3 Nf4 28. Nxf4 Qxf4 29. Rd1 a6 30. Be2 Qxa4 31. Bf3 Qc2 32. b4 Qc3 33. Kh2 a5 34. bxa5 bxa5 35. Rd4 Qa1 36. Rd7 a4 37. Nd8 a3 38. Nxe6+ Kf6 39. Nd4 a2 40. Bd5 Qxd4 41. Rxf7+ Kg5 42. Bxa2 Qb2 1/2-1/2

[Event "Leipzig VfB op 08th"]
[Site "Leipzig"]
[Date "2001.02.25"]
[Round "9"]
[White "Eickhoff, Hermann"]
[Black "Ketzscher, Roland"]
[Result "1/2-1/2"]
[WhiteElo "2080"]
[BlackElo "2213"]
[PlyCount "87"]
[EventDate "2001.02.20"]
[EventType "swiss"]
[EventRounds "9"]
[EventCountry "GER"]
[SourceTitle "EXT 2008"]
[Source "ChessBase"]
[SourceDate "2007.11.25"]
[SourceVersion "1"]
[SourceVersionDate "2007.11.25"]
[SourceQuality "1"]

1. e4 e6 2. d4 d5 3. e5 c5 4. c3 Qb6 5. Nf3 Bd7 6. Be2 Nc6 7. 0-0 f6 8. dxc5 Bxc5 9. b4 Be7 10. Bf4 fxe5 11. Nxe5 Nf6 12. a4 0-0 13. Nxd7 Nxd7 14. Bg3 Nf6 15. a5 Qd8 16. a6 b6 17. Bb5 Rc8 18. Qe2 Qd7 19. Nd2 Bd6 20. Rfe1 Bxg3 21. hxg3 Rfe8 22. Nf3 e5 23. Rad1 Qc7 24. Qd2 Re7 25. c4 dxc4 26. Bxc4+ Kh8 27. Bb5 e4 28. Nh4 Re5 29. Bxc6 Qxc6 30. Rc1 Qe8 31. Rxc8 Qxc8 32. Qf4 Qe8 33. g4 Nd5 34. Qd2 e3 35. fxe3 Rxe3 36. Rxe3 Qxe3+ 37. Qxe3 Nxe3 38. Nf5 Nd5 39. b5 Nc7 40. Nd4 g6 41. Kf2 Kg7 42. Ke3 Kf6 43. Ke4 h6 44. Kf4 1/2-1/2

[Event "Leipzig VfB op 08th"]
[Site "Leipzig"]
[Date "2001.02.24"]
[Round "7"]
[White "Claus, Thomas"]
[Black "Ketzscher, Roland"]
[Result "1/2-1/2"]
[WhiteElo "1748"]
[BlackElo "2213"]
[PlyCount "116"]
[EventDate "2001.02.20"]
[EventType "swiss"]
[EventRounds "9"]
[EventCountry "GER"]
[SourceTitle "EXT 2008"]
[Source "ChessBase"]
[SourceDate "2007.11.25"]
[SourceVersion "1"]
[SourceVersionDate "2007.11.25"]
[SourceQuality "1"]

1. d4 Nf6 2. c4 e6 3. Nf3 d5 4. g3 Be7 5. Bg2 0-0 6. 0-0 c6 7. Nc3 b6 8. Qc2 Bb7 9. Rd1 Nbd7 10. Bf4 Rc8 11. cxd5 cxd5 12. Qa4 a6 13. Ne5 b5 14. Qb3 Nb6 15. Rac1 Nc4 16. a4 Na5 17. Qa2 b4 18. Nb1 Qb6 19. e3 Rxc1 20. Rxc1 Rc8 21. Rxc8+ Bxc8 22. b3 Ne8 23. Qc2 Qb7 24. h4 f6 25. Nd3 Qc6 26. Qxc6 Nxc6 27. Nd2 Kf7 28. Kf1 Bb7 29. Ke2 h6 30. g4 g5 31. hxg5 hxg5 32. Bg3 Kg6 33. Nf3 Na5 34. Nd2 Bc6 35. Bb8 Bd7 36. Ba7 Nc6 37. Bc5 Bxc5 38. Nxc5 Bc8 39. Kd3 Nc7 40. Bf3 e5 41. Be2 f5 42. gxf5+ Bxf5+ 43. e4 dxe4+ 44. Ndxe4 Nxd4 45. Bd1 a5 46. Kc4 Bh3 47. Nb7 Be6+ 48. Kd3 Nxb3 49. Bxb3 Bxb3 50. Nec5 Bf7 51. Nxa5 Nd5 52. Nc6 Kf5 53. Nd8 Be8 54. Kc4 Nb6+ 55. Kxb4 Nxa4 56. Nxa4 Bxa4 57. Kxa4 Kf4 58. Ne6+ Kf3 1/2-1/2